Taylor Swift Multiple Choice - Statistics

General Stats
  • This quiz has been taken 51,256 times
  • The average score is 13 of 15
Answer Stats
Question Answer % Correct
What are Taylor's fans called? Swifties
99%
What is the name of Taylor's 2023–2024 tour, the highest grossing tour of all-time? The Eras Tour
98%
What year was Taylor Swift born (hint: also an album) 1989
97%
What song starts with "I stay out too late / Got nothin' in my brain" Shake It Off
95%
In which song does Taylor sing "It's me, hi / I'm the problem, it's me" Anti-Hero
94%
Which of these is a Taylor Swift song? Red
94%
Which of these is NOT a Taylor Swift song? Cameo
90%
Which of these businesses did Taylor's father own? Christmas tree farm
89%
Which country singer did Taylor Swift name a song for? Tim McGraw
89%
Where did Taylor Swift grow up? Pennsylvania
87%
Which album was released first? Speak Now
87%
Which of these people HASN'T Taylor Swift dated? Ryan Gosling
84%
How tall is Taylor Swift? 5'10" (178 cm)
79%
What record company recorded Taylor's first six albums? Big Machine Records
79%
Where did Taylor go to college? She didn't
65%
No matching quizzes found
Score Distribution
Percent of People with Each Score
Percentile by Number Answered
Your Score History
You have not taken this quiz